000 00862nam a2200277 i 4500
003 DO-SdBNP
005 20241022140121.0
007 ta
008 240411s2018 dr 000 p spa d
020 _a9781980273851
040 _aDO-SdBNP
_bspa
_cBNPHU
_erda
041 _aspa
082 4 _aRD863.44
_bS684p
_222
100 1 _922487
_aSolano, Miguel
_4aut.
_eautor
245 1 3 _aLos perros de trementina :
_bel ratonero y otros cuentos /
_cMiguel Solano.
264 1 _aSanto Domingo :
_b[editor no identificado] ;
_c2018
300 _a110 páginas ;
_c26 cm.
336 _atexto
_btxt
_2rdacontent
337 _asin mediación
_bn
_2rdamedia
338 _avolumen
_bnc
_2rdacarrier
590 _aInventariado, 2024 / DG
650 7 _aCuentos dominicanos
650 7 _aLiteratura dominicana
910 _aDG/Validado. Control de calidad MFF
942 _2ddc
_cLBS1
999 _c57827
_d57827